Honduras: el universo político

Guardat en:
Dades bibliogràfiques
Format: Text
Matèries:
Etiquetes: Afegir etiqueta
Sense etiquetes, Sigues el primer a etiquetar aquest registre!

MARC

LEADER 00000 a a2200000 04500
001 18124
003
040
245 |a Honduras:   |b el universo político  
650 |a POLITICA  
650 |a ECONOMIA  
650 |a HONDURAS  
773 |g volumen 7, número 42; páginas 661-662  
999 |c 33273  |d 33273 
773 0 |0 42391  |9 4189  |a Agencia Latinoamericana de Información, ALAI  |d Quito, Ecuador: ALAI  |o 03955  |t ALAI:  |x 08275564 (Servicio mensual de información y documentación)